Statistics for Motorsport Champions

Click here to take the quiz!

General Stats

  • This quiz has been taken 196 times
  • The average score is 40 of 121

Answer Stats

YearChampion% Correct
1994 Formula One | 1995 Formula One | 2000 Formula One | +3 othersMichael Schumacher
97%
2010 Formula One | 2011 Formula One | 2012 Formula One | 2013 Formula OneSebastian Vettel
95%
2008 Formula One | 2014 Formula OneLewis Hamilton
94%
1990 Formula One | 1991 Formula OneAyrton Senna
92%
2005 Formula One | 2006 Formula OneFernando Alonso
91%
1993 Formula OneAlain Prost
89%
2009 Formula OneJenson Button
89%
1998 Formula One | 1999 Formula OneMika Hakkinen
87%
2007 Formula OneKimi Raikkonen
86%
1992 Formula OneNigel Mansell
84%
1996 Formula OneDamon Hill
83%
1997 Formula OneJacques Villeneuve
78%
2004 WRC | 2005 WRC | 2006 WRC | +6 othersSebastien Loeb
51%
2002 Formula OneMichael Schumacher
47%
1995 WRCColin McRae
44%
2013 WRC | 2014 WRCSebastien Ogier
40%
1990 WRC | 1992 WRCCarlos Sainz
39%
2003 WRCPetter Solberg
38%
2001 BTCC | 2010 BTCCJason Plato
34%
2001 WRCRichard Burns
31%
2000 WRC | 2002 WRCMarcus Gronholm
30%
1996 WRC | 1997 WRC | 1998 WRC | 1999 WRCTommi Makinen
28%
2005 BTCC | 2006 BTCC | 2011 BTCCMatt Neal
23%
1997 BTCCAlain Menu
22%
2000 BTCCAlain Menu
21%
1995 DTM | 2000 DTM | 2001 DTM | +2 othersBernd Schneider
21%
2009 BTCC | 2014 BTCCColin Turkington
21%
2012 BTCCGordon Shedden
21%
2007 DTMMattias Ekstrom
21%
2010 DTMPaul Di Resta
21%
2004 DTMMattias Ekstrom
20%
1992 BTCCTim Harvey
19%
2013 BTCCAndrew Jordan
18%
1994 WRCDidier Auriol
18%
2005 DTMGary Paffett
17%
1991 WRC | 1993 WRCJuha Kankkunen
17%
1995 BTCCJohn Cleland
16%
2003 BTCCYvan Muller
16%
2012 DTMBruno Spengler
14%
2007 BTCCFabrizio Giovanardi
13%
1990 British F3Mika Hakkinen
13%
2013 DTMMike Rockenfeller
13%
2008 DTM | 2009 DTMTimo Scheider
13%
2008 BTCCFabrizio Giovanardi
12%
1994 BTCCGabriele Tarquini
12%
2002 BTCCJames Thompson
12%
2004 BTCCJames Thompson
11%
1999 BTCC | 2002 DTMLaurent Aiello
11%
1998 BTCCRickard Rydell
11%
1991 BTCCWill Hoy
11%
1991 DTM | 1996 BTCCFrank Biela
9%
2014 DTMMarco Wittmann
8%
2011 DTMMartin Tomczyk
8%
2009 British F3Daniel Ricciardo
7%
1990 DTMHans-Joachim Stuck
6%
1993 BTCCJoachim Winkelhock
6%
1992 DTM | 1994 DTMKlaus Ludwig
5%
1993 DTMNicola Larini
4%
1990 BTCCRobb Gravett
4%
2010 British F3Jean-Eric Vergne
3%
1996 British F3Ralph Firman
3%
1991 British F3Rubens Barrichello
3%
2001 British F3Takuma Sato
3%
2000 British F3Antonio Pizzonia
2%
2008 British F3Jaime Alguersuari
2%
1994 British F3Jan Magnussen
2%
2013 British F3Jordan King
2%
1999 British F3Marc Hynes
2%
2014 British F3Martin Cao
2%
2005 British F3Alvaro Parente
1%
2011 British F3Felipe Nasr
1%
1992 British F3Gil De Ferran
1%
2012 British F3Jack Harvey
1%
1997 British F3Jonny Kane
1%
1993 British F3Kelvin Burt
1%
1998 British F3Mario Haberfeld
1%
2007 British F3Marko Asmer
1%
2006 British F3Mike Conway
1%
2004 British F3Nelson Piquet Jr
1%
1995 British F3Oliver Gavin
1%
2002 British F3Robbie Kerr
1%
2003 British F3Alan van der Merwe
0%

Score Distribution

Percentile by Number Answered

Percent of People with Each Score

Your Score History

You have not taken this quiz